| 000 | 01173nam a2200277 a 4500 | ||
|---|---|---|---|
| 001 | 000014174 | ||
| 005 | 20200929163515.0 | ||
| 008 | 091207s2002 dr ad 001 0 spa d | ||
| 040 |
_aDO-SdBNP _bspa _cBNPHU |
||
| 041 | 0 | 7 |
_aspa _aing _2MARC |
| 082 |
_a338.4791 _bR426t |
||
| 110 | 1 |
_aRepública Dominicana. _bSecretaría de Estado de Turismo _932026 |
|
| 245 | 1 | 0 |
_aTurismo en cifras 1990-2002 = Tourism in figures 1990-2002 / _cpresentación Rafael Suberví Bonilla. |
| 260 |
_aSanto Domingo : _bSecretaría de Estado de Turismo, _c[2002?]. |
||
| 300 |
_a119 p. : _bil., gráfcs., tablas. ; _c28. cm. |
||
| 501 | _aEncuadernado con: Tourism in figures 1990-2002. | ||
| 546 | _aTexto en Inglés y Español. | ||
| 563 | _aDos obras con encuadernación invertida y paginación independiente. | ||
| 590 | _aInventariado,2018/DG | ||
| 650 | 2 | 4 |
_aTurismo _zRepública Dominicana _xEstadísticas _932027 |
| 650 | 2 | 4 |
_aTurismo y desarrollo _zRepública Dominicana _932028 |
| 650 | 4 |
_aComercio turístico _xEstadísticas _932029 |
|
| 700 | 1 | 2 |
_aSuberví Bonilla, Rafael, _epresent. _916831 |
| 740 | 0 | 2 | _aTourism in figures 1990-2002. |
| 910 | _aValidado. Control de calidad EMS. | ||
| 999 |
_c13775 _d13775 |
||